| 000 | 00000nam##2200000za#4500 |
| 001 | 9.602253 |
| 003 | CaOODSP |
| 005 | 20220328113245 |
| 007 | cr ||||||||||| |
| 008 | 150406|1999||||xxc|||||o f|0| 0 fre|d |
| 040 | |aCaOODSP|bfre |
| 043 | |an-cn--- |
| 086 | 1 |aC21-28/1-1999F-PDF |
| 110 | 1 |aCanada. |bIndustrie Canada. |
| 245 | 13|aLa fabrication dans les pays de petite taille peut-elle survivre à la libéralisation du commerce? : |h[ressource électronique]|bl'expérience de l'Accord de libre-échange Canada-États-Unis / |cpar Keith Head et John Ries. |
| 260 | |aOttawa - Ontario : |bIndustrie Canada |cAvril 1999. |
| 300 | |a51p.|bgraphiques, tableaux |
| 490 | 1 |aPerspectives sur le libre-échange nord-américain|v1 |
| 500 | |a«Dans cette étude, nous examinons la mesure dans laquelle ces changements sont attribuables à la libéralisation des échanges dans le cadre de l'ALE. Nous nous intéressons à l'effet de l'ALE sur la part de l'activité manufacturière en Amérique du Nord détenue par le Canada et sur la composition de l'activité manufacturière parmi les différentes industries.»--Introduction. |
| 500 | |aL'ISBN (0-662-64100-0) de l'édition imprimée bilingue a été incorrectement copié dans l'édition électronique. Le n° de catalogue (C21-28/2-1999) imprimé dans cette publication est incorrect. |
| 504 | |aBibliographie. |
| 590 | |a11-24-Supp|b2011-10-24 |
| 691 | 07|aAccord de libre-échange|2gcpds |
| 691 | 07|aIndustrie de transformation|2gcpds |
| 691 | 07|aLibre-échange|2gcpds |
| 720 | 1 |aHead, Keith |
| 720 | 1 |aRies, John |
| 775 | 08|tCan small-country manufacturing survive trade liberalization? : |w(CaOODSP)9.571832 |
| 776 | 0#|tCan small-country manufacturing survive trade liberalization? : |w(CaOODSP)9.531562 |
| 776 | 0#|tLa fabrication dans les pays de petite taille peut-elle survivre à la libéralisation du commerce? : |w(CaOODSP)9.531563 |
| 830 | #0|aPerspectives sur le libre-échange nord-américain ;|v1|w(CaOODSP)9.501529 |
| 856 | 40|ahttp://publications.gc.ca|qPDF|s191 Ko|uhttps://publications.gc.ca/collections/Collection/C21-28-1-1999F.pdf|y1 |